Prasāda ke aitihāsika nāṭaka. (Record no. 63684)

MARC details
000 -LEADER
fixed length control field 00557cam a22002171 4500
001 - CONTROL NUMBER
control field sa 65004334
003 - CONTROL NUMBER IDENTIFIER
control field DLC
005 - DATE AND TIME OF LATEST TRANSACTION
control field 20260227112130.0
008 - FIXED-LENGTH DATA ELEMENTS--GENERAL INFORMATION
fixed length control field 881102s1959 xx 000 0 hino
010 ## - LIBRARY OF CONGRESS CONTROL NUMBER
LC control number sa 65004334
035 ## - SYSTEM CONTROL NUMBER
System control number (OCoLC)23562249
040 ## - CATALOGING SOURCE
Original cataloging agency DLC
Transcribing agency MiU
Modifying agency DLC
042 ## - AUTHENTICATION CODE
Authentication code premarc
050 00 - LIBRARY OF CONGRESS CALL NUMBER
Classification number PK2098.P7
Item number Z68
100 1# - MAIN ENTRY--PERSONAL NAME
Personal name Jośī, Jagadīśa Candra.
245 10 - TITLE STATEMENT
Title Prasāda ke aitihāsika nāṭaka.
260 ## - PUBLICATION, DISTRIBUTION, ETC.
Date of publication, distribution, etc. [1959]
300 ## - PHYSICAL DESCRIPTION
Extent 6, 6, 406, 4 p.
Dimensions 25 cm.
500 ## - GENERAL NOTE
General note Romanized.
600 10 - SUBJECT ADDED ENTRY--PERSONAL NAME
Personal name Prasad, Jai Shankar,
Dates associated with a name 1889-1937.

No items available.

Powered by Koha